| 000 | 00659nam a2200217Ia 4500 | ||
|---|---|---|---|
| 005 | 20230428102314.0 | ||
| 008 | 131103s9999 xx 000 0 und d | ||
| 020 |
_a0-632-03388-6 _cRs. 75 |
||
| 040 | _aLoreto College | ||
| 041 | _aEnglish | ||
| 082 |
_a618.24 _bSHE |
||
| 245 | 4 |
_aThe psychology of pregnancy and childbirth _cLorraine Sherr |
|
| 260 |
_aLondon _bBlackwell Science Ltd. _c1995 |
||
| 300 | _axiv,306p, 22c.m. | ||
| 504 | _aIncludes bibliographical references and index | ||
| 650 | _aPregnancy-Psychological aspects | ||
| 651 | _aChildbirth- Psychological aspects | ||
| 700 | _aSherr, Lorraine, auth | ||
| 850 | _aLCLIB | ||
| 942 | _cBK | ||
| 999 |
_c2144 _d52623 |
||